000 00551nam a22001697a 4500
008 220407b |||||||| |||| 00| 0 eng d
020 _a9789390595822
082 _a610.73 JAC 2021
100 _aJacob, Annamma
245 _aMidwifery Casebook: A Practical Record of Maternal and Newborn Nursing for BSc Nursing Students
250 _a8th edition
260 _aNew Delhi :
_bJaypee Brothers Medical Publishers,
_c2021.
300 _a657 p.
_c29 cm.
650 _aPractical Record book for Nursing
700 _aJonathan, Christina N.
942 _2ddc
999 _c8931
_d8932